000 00564nam a22001937a 4500
999 _c8898
_d8898
003 AR-CdUCM
008 190326b ||||| |||| 00| 0 spa d
040 _aMUNICIPALIDAD PROVINCIAL DEL CUSCO
_cBIBLIOTECA MUNICIPAL DEL CUSCO
082 _a781.5 /
_bV
100 _aVan Gemert, Hans
_924733
245 _aÓrganos Históricos del Perú /
260 _bCONCYTEC,
300 _a181 paginas ;
_c21 cm.
505 _aContenido :Órganos históricos del Perú /
650 _aMusica
_91443
650 _aInstrumentos
_98778
942 _2ddc
_cLIBROS
945 _arjall